Movies Quiz

Random Movies or Quote Quiz

Sporcled Movie Quotes Quiz Stats

 Plays Quiz Updated Jun 26, 2017

Support Sporcle.
Go Orange.
Score 0/24 Timer 05:00
0 Plays Today
Quote Movie Title % Correct
Matt, I've a feeling we're not in Kyrgyzstan anymoreThe Wizard of Oz
92.9%
I see quiz playersThe Sixth Sense
83.9%
Show me the quiz!Jerry Maguire
79.9%
I'll play what she's playingWhen Harry Met Sally
79.1%
If you create it, they will playField of Dreams
78%
Good morning, Sporcle!Good Morning, Vietnam!
73.6%
You can't handle the diversions!A Few Good Men
73.4%
Yippee-ki-yay, Quizmaster!Die Hard
71.7%
Hello. My name is Xant Spectro. You clicked on my quiz. Prepare to play.Princess Bride
70.2%
There's no crying on Sporcle!A League Of Their Own
69.6%
Why so stimulating?The Dark Knight
66.5%
Leave the globe. Take the quizThe Godfather
53.5%
Quote Movie Title % Correct
Your mother was a Sporcler and your father smelt of oranges!Monty Python and the Holy Grail
48.7%
Just keep playingFinding Nemo
46.2%
No, Mr. Pharr, I expect you to play!Goldfinger
44.4%
Mentally Stimulating, my dear playerThe Adventures of Sherlock Holmes
39.2%
Round up the usual quizmastersCasablanca
37.7%
Badges? We ain't got no badges!The Treasure of the Sierra Madre
35.6%
Spengler, are you serious about actually playing a quiz?Ghostbusters
32%
Go ahead, play my quizSudden Impact
25.7%
There are two kinds of Sporclers, my friend. Those that make the quizzes, and those that play themThe Good, the Bad and the Ugly
14.1%
The man likes to play quizzes; let's get him some globesThe Shawshank Redemption
13%
Big Diversions, huh? Alright!Dumb and Dumber
7.7%
I played a quiz with THIS THUMB!Ratatouille
6.4%

You're not logged in!

Compare scores with friends on all Sporcle quizzes.
OR
Log In
Forgot?

From the Vault

NHL Stats Leaders (2000s)

by Lauro

The NHL in the 2000s was defined by some truly great players. Also a lockout and some disciplinary scandals, but mostly the great players.
Remove Ads.
Support Sporcle.
Get the best of Sporcle when you Go Orange. This ad-free experience offers more features, more stats, and more fun while also helping to support Sporcle. Thank you for becoming a member.

Show Comments

Extras

Top Quizzes Today


Score Distribution

Your Account Isn't Verified!

In order to create a playlist on Sporcle, you need to verify the email address you used during registration. Go to your Sporcle Settings to finish the process.

Report this User

Report this user for behavior that violates our Community Guidelines.

Details: